Crazy Products Spelling Bee Quiz Stats

 Plays Quiz Updated Sep 19, 2015

Also try: Clipped Words
Challenge
Share
Tweet
Embed
Score 0/25 Timer 05:00
2 Plays Today
Correct Spelling Korrect Speling % Correct
Blue RayBlu-ray
91.6%
Cheese-ItCheez-It
86.9%
Light BrightLite-Brite
82.5%
Crispy CreamKrispy Kreme
80.5%
IcyICEE
79.9%
TricksTrix
79.5%
Diet RightDiet Rite
77%
Mellow YellowMello Yello
76.1%
Nestlé QuickNestlé Quik
74%
Play SchoolPlayskool
72.1%
Double Stuff OreoDouble Stuf Oreo
61.7%
Star-KissedStarKist
61.1%
Snow CapsSno Caps
59.9%
Correct Spelling Korrect Speling % Correct
AridArrid
56.1%
QuestQwest
41.1%
SlowpokeSlo Poke
40.5%
Handy SnacksHandi Snacks
38.4%
Pixie SticksPixy Stix
36.5%
Peppermint PattyPeppermint Pattie
33.7%
ConnectsK'NEX
27.1%
Cozy ShackKozy Shack
26.4%
Ready WhipReddi-Wip
21.7%
Tasty CakeTastykake
20.6%
Twisty TreatTwistee Treat
18.1%
Tidy BowlTy-D-Bol
3.7%

You're not logged in!

Compare scores with friends on all Sporcle quizzes.
OR
Log In

You Might Also Like...

Show Comments

Extras

Top Quizzes Today


Score Distribution

Your Account Isn't Verified!

In order to create a playlist on Sporcle, you need to verify the email address you used during registration. Go to your Sporcle Settings to finish the process.

Report this User

Report this user for behavior that violates our Community Guidelines.

Details: